[Event "SVK-chT2A 2324"]
[Site "Slovakia"]
[Date "2024.02.11"]
[Round "9.7"]
[White "Manak, Jozef"]
[Black "Gettler, Daniel"]
[Result "0-1"]
[WhiteElo "1921"]
[BlackElo "1915"]
[PlyCount "75"]
[EventDate "2023.10.07"]
[EventType "team-tourn"]
[EventRounds "11"]
[EventCountry "SVK"]
[SourceTitle "EXT 2025"]
[Source "ChessBase"]
[SourceDate "2024.10.14"]
[SourceVersion "1"]
[SourceVersionDate "2024.10.14"]
[SourceQuality "1"]
[WhiteTeam "Piestany Kupele"]
[BlackTeam "Krasnany"]
[WhiteTeamCountry "SVK"]
[BlackTeamCountry "SVK"]

1. d4 f5 2. c4 Nf6 3. Nc3 g6 4. g3 Bg7 5. Bg2 0-0 6. Bg5 h6 7. Bf4 d6 8. h4 c6 9. Qd2 Kh7 10. 0-0-0 Qe8 11. d5 Bd7 12. Bf3 Na6 13. e4 Ng4 14. Bxg4 fxg4 15. Nge2 Rc8 16. Kb1 e5 17. dxe6 Bxe6 18. Qxd6 Bxc4 19. Rhe1 Rd8 20. Qxd8 Qxd8 21. Rxd8 Rxd8 22. Be3 b6 23. a3 Nc5 24. Bxc5 bxc5 25. Kc1 Rf8 26. Nd1 h5 27. Kc2 Rf3 28. Nec3 Be5 29. Re3 Rf7 30. b3 Ba6 31. Ne2 Kg7 32. b4 cxb4 33. axb4 Rb7 34. Nf4 Rxb4 35. Ra3 Bb5 36. Rxa7+ Kf6 37. Ra8 Ba4+ 38. Kc1 0-1

[Event "SVK-chT2A 2223"]
[Site "Slovakia"]
[Date "2023.01.15"]
[Round "7.6"]
[White "Matis, Tibor"]
[Black "Gettler, Daniel"]
[Result "1/2-1/2"]
[WhiteElo "1895"]
[BlackElo "1970"]
[PlyCount "152"]
[EventDate "2022.10.08"]
[EventType "team-tourn"]
[EventRounds "11"]
[EventCountry "SVK"]
[SourceTitle "EXT 2024"]
[Source "ChessBase"]
[SourceDate "2023.10.10"]
[SourceVersion "1"]
[SourceVersionDate "2023.10.10"]
[SourceQuality "1"]
[WhiteTeam "Dunajska Streda II"]
[BlackTeam "Krasnany"]
[WhiteTeamCountry "SVK"]
[BlackTeamCountry "SVK"]

1. e4 d6 2. Nf3 Nf6 3. Nc3 c6 4. d4 Qa5 5. Bd3 Bg4 6. h3 Bxf3 7. Qxf3 e5 8. dxe5 dxe5 9. 0-0 Be7 10. Qg3 0-0 11. Bh6 Ne8 12. Kh1 Nd7 13. a3 Rd8 14. Rad1 Qc7 15. Bc4 Kh8 16. Bg5 Nef6 17. f4 h6 18. Qh4 b5 19. Ba2 exf4 20. Bxf4 Ne5 21. Rxd8 Bxd8 22. Qf2 Qe7 23. Qd4 Re8 24. Bxe5 Qxe5 25. Qxe5 Rxe5 26. Bxf7 Ba5 27. b4 Bc7 28. Bg6 Kg8 29. a4 bxa4 30. Ra1 a5 31. Rxa4 Kf8 32. bxa5 Rxa5 33. Rxa5 Bxa5 34. Ne2 Ke7 35. Nd4 Kd7 36. e5 Nd5 37. Bf5+ Ke8 38. Nxc6 Bc3 39. e6 Ne7 40. Nxe7 Kxe7 41. g4 Kf6 42. Kg2 Bb4 43. Kf3 Ke5 44. h4 Be7 45. h5 Kd4 46. Bd3 Kd5 47. Bf5 Kd4 48. Ke2 Bg5 49. Kd1 Be7 50. Kc1 Kc3 51. Bd3 Bg5+ 52. Kb1 Be7 53. Bb5 Bg5 54. Ba4 Kb4 55. Be8 Kc3 56. Bd7 Kb4 57. Kb2 Bf6+ 58. Kc1 Kc3 59. Kd1 Bg5 60. Ba4 Kb4 61. Bb3 Kc3 62. Ke2 Kd4 63. Kf3 Ke5 64. c3 Bf6 65. Ke3 Be7 66. Kd3 Kf4 67. Kd4 Kxg4 68. Bd1+ Kf5 69. Kd5 g5 70. hxg6 Kxg6 71. Bg4 Kf6 72. c4 Ba3 73. Kc6 Ke7 74. c5 Bb4 75. Kb6 Kd8 76. Kc6 Ke7 1/2-1/2

[Event "SVK-ch Blitz"]
[Site "Nitra"]
[Date "2022.10.29"]
[Round "13"]
[White "Gettler, Daniel"]
[Black "Slamena, Michal"]
[Result "1-0"]
[WhiteElo "1870"]
[BlackElo "2043"]
[PlyCount "111"]
[EventDate "2022.10.29"]
[EventType "swiss"]
[EventRounds "13"]
[EventCountry "SVK"]
[SourceTitle "EXT 2024"]
[Source "ChessBase"]
[SourceDate "2023.10.10"]
[SourceVersion "1"]
[SourceVersionDate "2023.10.10"]
[SourceQuality "1"]

1. c4 e5 2. g3 Nf6 3. Bg2 d5 4. cxd5 Nxd5 5. Nc3 Nb6 6. Nf3 Nc6 7. 0-0 Be7 8. d3 0-0 9. a3 Be6 10. b4 Kh8 11. Ne4 Rb8 12. Bb2 f6 13. Rc1 Bd5 14. Nc5 Bxc5 15. Rxc5 Ne7 16. e4 Be6 17. d4 exd4 18. Nxd4 Bf7 19. Qc2 c6 20. Rd1 Qc7 21. Rc3 Nd7 22. Nb5 Qb6 23. Rxd7 Ng6 24. Nd4 Ne5 25. Rd6 Bg6 26. Nf5 Ng4 27. Rd2 Rbe8 28. Rcd3 Ne5 29. Rd6 h6 30. h3 Qa6 31. R6d4 b5 32. Kh2 Nc4 33. Rd1 Ne5 34. Rd6 h5 35. Qe2 Rc8 36. Rc1 Be8 37. Bxe5 fxe5 38. Qe3 Kg8 39. Nh4 Qa4 40. Rc3 Qa6 41. Rd2 Bf7 42. Bf3 Bc4 43. Kg2 Rc7 44. Bxh5 Qc8 45. Bg4 Qe8 46. Nf5 Rcf7 47. Nd6 Qe7 48. Nxf7 Qxf7 49. Rxc4 Qxc4 50. Qd3 Qc1 51. Be6+ Kh8 52. Qe2 Rf6 53. Qh5+ Rh6 54. Qe8+ Kh7 55. Bf5+ g6 56. Rd7# 1-0

[Event "SVK-ch Blitz"]
[Site "Nitra"]
[Date "2022.10.29"]
[Round "4"]
[White "Mandak, Miroslav"]
[Black "Gettler, Daniel"]
[Result "1-0"]
[WhiteElo "1864"]
[BlackElo "1870"]
[PlyCount "71"]
[EventDate "2022.10.29"]
[EventType "swiss"]
[EventRounds "13"]
[EventCountry "SVK"]
[SourceTitle "EXT 2024"]
[Source "ChessBase"]
[SourceDate "2023.10.10"]
[SourceVersion "1"]
[SourceVersionDate "2023.10.10"]
[SourceQuality "1"]

1. c4 f5 2. Nc3 Nf6 3. g3 g6 4. Bg2 Bg7 5. Nf3 0-0 6. d3 d6 7. 0-0 e5 8. Qc2 c6 9. a3 Be6 10. b4 h6 11. Bb2 Nbd7 12. Rad1 Qe7 13. d4 e4 14. Nd2 d5 15. cxd5 cxd5 16. e3 Rac8 17. Qb3 g5 18. a4 f4 19. gxf4 gxf4 20. exf4 Nb6 21. b5 Nh5 22. Ba3 Qf6 23. Bxf8 Rxf8 24. Ne2 Nxf4 25. Nxf4 Qxf4 26. Nxe4 Nc4 27. Ng3 Bxd4 28. Qd3 Bxf2+ 29. Kh1 Ne3 30. Qg6+ Kh8 31. Qxe6 Nxd1 32. Rxd1 Bxg3 33. hxg3 Qg5 34. Rxd5 Qc1+ 35. Kh2 Qg5 36. Rxg5 1-0

[Event "SVK-chT2A 2122"]
[Site "Slovakia"]
[Date "2022.03.05"]
[Round "5.4"]
[White "Michal, Silvio"]
[Black "Gettler, Daniel"]
[Result "1/2-1/2"]
[WhiteElo "2051"]
[BlackElo "1969"]
[PlyCount "109"]
[EventDate "2021.10.16"]
[EventType "team-tourn"]
[EventRounds "11"]
[EventCountry "SVK"]
[SourceTitle "EXT 2023"]
[Source "ChessBase"]
[SourceDate "2022.10.05"]
[SourceVersion "1"]
[SourceVersionDate "2022.10.05"]
[SourceQuality "1"]
[WhiteTeam "Pezinok"]
[BlackTeam "Krasnany"]
[WhiteTeamCountry "SVK"]
[BlackTeamCountry "SVK"]

1. c4 d6 2. d4 Nf6 3. Nc3 c6 4. e4 Qa5 5. Bd2 Qb6 6. Nf3 Bg4 7. Qc2 Bxf3 8. gxf3 Qxd4 9. Be3 Qe5 10. f4 Qa5 11. b4 Qc7 12. Bh3 Nbd7 13. a4 e5 14. 0-0 Be7 15. Kh1 0-0 16. Qe2 Rfe8 17. Rg1 d5 18. Bxd7 Nxd7 19. Qg4 g6 20. cxd5 Bxb4 21. dxc6 Nf6 22. Nd5 Qxc6 23. Nxb4 Qxe4+ 24. Qg2 Qxb4 25. fxe5 Rxe5 26. Rgb1 Qe4 27. Rxb7 a6 28. Rc1 Nd5 29. Qxe4 Rxe4 30. Ba7 Re7 31. Rxe7 Nxe7 32. Rc7 Nd5 33. Rd7 Nf4 34. f3 h5 35. Kg1 Ne6 36. Kf2 Rc8 37. h4 Rc4 38. a5 Rc7 39. Rxc7 Nxc7 40. Ke3 Kf8 41. Bb6 Ne6 42. Ke4 Ke7 43. Kd5 Nd8 44. Be3 Kd7 45. Kc5 Ne6+ 46. Kd5 f6 47. Bf2 Nf4+ 48. Ke4 Ne6 49. f4 Kd6 50. f5 gxf5+ 51. Kxf5 Ke7 52. Kg6 Nf4+ 53. Kf5 Ne6 54. Kg6 Nf4+ 55. Kf5 1/2-1/2

[Event "SVK-chT2A 1920"]
[Site "Slovakia"]
[Date "2019.12.15"]
[Round "6.8"]
[White "Sulek, Viliam"]
[Black "Gettler, Daniel"]
[Result "1-0"]
[WhiteElo "2003"]
[BlackElo "2041"]
[PlyCount "95"]
[EventDate "2019.10.26"]
[EventType "team-tourn"]
[EventRounds "11"]
[EventCountry "SVK"]
[SourceTitle "CBM 194 Extra"]
[Source "ChessBase"]
[SourceDate "2020.03.31"]
[SourceVersion "1"]
[SourceVersionDate "2020.03.31"]
[SourceQuality "1"]
[WhiteTeam "Bratislava Slovan V"]
[BlackTeam "Krasnany"]
[WhiteTeamCountry "SVK"]
[BlackTeamCountry "SVK"]

1. e4 c5 2. Nf3 e6 3. d4 a6 4. dxc5 Bxc5 5. Bd3 b5 6. 0-0 Bb7 7. Qe2 Nf6 8. Be3 Qb6 9. Bxc5 Qxc5 10. Nbd2 0-0 11. e5 Ne8 12. Ne4 Qe7 13. Rad1 f5 14. exf6 gxf6 15. Ng3 Nc6 16. c3 Ng7 17. Rfe1 Rae8 18. Bc2 Rd8 19. h4 f5 20. Qd3 Qf6 21. Qd6 Ne8 22. Qd2 Na5 23. Nh5 Qe7 24. Qg5+ Qxg5 25. Nxg5 Ng7 26. Nxg7 Kxg7 27. Bb3 h6 28. Nh3 Kf6 29. Rd6 Ke7 30. Red1 f4 31. f3 Bc6 32. R6d4 e5 33. Rd6 Rh8 34. Nf2 Nb7 35. Rg6 Nc5 36. h5 Rdf8 37. Ng4 Rf5 38. Bd5 Ne6 39. Rxe6+ dxe6 40. Bxc6 Rxh5 41. Rd7+ Kf8 42. Ra7 Rf5 43. Be4 Rf7 44. Rxa6 Rd7 45. Nxe5 Rd1+ 46. Kh2 Kg7 47. Ra7+ Kf6 48. Ng4+ 1-0

[Event "Tatry op"]
[Site "Tatranske Zruby"]
[Date "2019.10.05"]
[Round "9"]
[White "Sevcikova, Lucia"]
[Black "Gettler, Daniel"]
[Result "1/2-1/2"]
[WhiteElo "1838"]
[BlackElo "2052"]
[PlyCount "32"]
[EventDate "2019.09.28"]
[EventType "swiss"]
[EventRounds "9"]
[EventCountry "SVK"]
[SourceTitle "EXT 2020"]
[Source "ChessBase"]
[SourceDate "2019.10.17"]
[SourceVersion "1"]
[SourceVersionDate "2019.10.17"]
[SourceQuality "1"]

1. e4 c5 2. c3 e6 3. d4 a6 4. Nf3 b5 5. Bg5 Qc7 6. Bd3 Be7 7. Bxe7 Nxe7 8. 0-0 0-0 9. Nbd2 f5 10. Rc1 d6 11. Re1 Nbc6 12. Bb1 Ra7 13. dxc5 dxc5 14. Nb3 Nd8 15. exf5 exf5 16. Re5 c4 1/2-1/2

[Event "Tatry op"]
[Site "Tatranske Zruby"]
[Date "2019.10.01"]
[Round "5"]
[White "Zentko, Ladislav"]
[Black "Gettler, Daniel"]
[Result "0-1"]
[WhiteElo "1756"]
[BlackElo "2052"]
[PlyCount "114"]
[EventDate "2019.09.28"]
[EventType "swiss"]
[EventRounds "9"]
[EventCountry "SVK"]
[SourceTitle "EXT 2020"]
[Source "ChessBase"]
[SourceDate "2019.10.17"]
[SourceVersion "1"]
[SourceVersionDate "2019.10.17"]
[SourceQuality "1"]

1. Nf3 f5 2. d4 Nf6 3. c4 g6 4. Nc3 Bg7 5. g3 0-0 6. Bg2 d6 7. 0-0 Nc6 8. Bg5 h6 9. Bxf6 Bxf6 10. Qd2 Kh7 11. e3 e5 12. d5 Ne7 13. Rad1 g5 14. b4 a5 15. bxa5 Rxa5 16. Ne4 fxe4 17. Nxg5+ hxg5 18. Bxe4+ Kg7 19. Qxa5 b6 20. Qd2 Bh3 21. Bg2 Bf5 22. e4 Bg4 23. f3 Bh5 24. Bh3 Qa8 25. Qc2 Qa5 26. Bd7 Ra8 27. a4 Bf7 28. Bb5 Qa7 29. f4 exf4 30. gxf4 gxf4 31. Qg2+ Bg6 32. Rxf4 Rf8 33. Qf2 Qa5 34. Qf3 Qc3 35. Qxc3 Bxc3 36. Rxf8 Kxf8 37. Rf1+ Kg7 38. Rf4 Be5 39. Rg4 Kf6 40. Bd7 Bh5 41. Rh4 Kg5 42. Rh3 Ng6 43. Be8 Nf4 44. Rg3+ Bg4 45. Kf1 Kh4 46. a5 bxa5 47. Ra3 Be2+ 48. Ke1 Bd4 49. Kd2 Bc5 50. Ra4 Kg5 51. Bd7 Bb4+ 52. Ke3 Bxc4 53. Ra1 Bc5+ 54. Kf3 Be2+ 55. Kg3 Nh5+ 56. Kh3 Bb6 57. Re1 Bf2 0-1

[Event "Tatry op"]
[Site "Tatranska Lomnica"]
[Date "2017.10.15"]
[Round "9"]
[White "Kolesar, Milan"]
[Black "Gettler, Daniel"]
[Result "1/2-1/2"]
[WhiteElo "2209"]
[BlackElo "2056"]
[PlyCount "60"]
[EventDate "2017.10.08"]
[EventType "swiss"]
[EventRounds "9"]
[EventCountry "SVK"]
[SourceTitle "CBM 181 Extra"]
[Source "ChessBase"]
[SourceDate "2017.12.12"]
[SourceVersion "1"]
[SourceVersionDate "2017.12.12"]
[SourceQuality "1"]

1. Nf3 f5 2. d4 Nf6 3. g3 g6 4. Bg2 Bg7 5. 0-0 d6 6. c4 0-0 7. Nc3 Nc6 8. d5 Na5 9. Qd3 c5 10. dxc6 Nxc6 11. Rd1 h6 12. e4 fxe4 13. Nxe4 Bf5 14. Nh4 Nxe4 15. Bxe4 Ne5 16. Qc2 Bxe4 17. Qxe4 g5 18. Nf5 Rc8 19. Nxg7 Kxg7 20. b3 Qb6 21. Be3 Qc6 22. Qxc6 Nxc6 23. c5 Rcd8 24. cxd6 Rxd6 25. Bc5 Rxd1+ 26. Rxd1 Rf5 27. Be3 Rb5 28. Rd7 Kf6 29. h3 h5 30. Kg2 g4 1/2-1/2

[Event "Tatry op"]
[Site "Tatranska Lomnica"]
[Date "2017.10.14"]
[Round "8"]
[White "Gettler, Daniel"]
[Black "Vorisek, Jakub"]
[Result "1-0"]
[WhiteElo "2056"]
[BlackElo "1904"]
[PlyCount "71"]
[EventDate "2017.10.08"]
[EventType "swiss"]
[EventRounds "9"]
[EventCountry "SVK"]
[SourceTitle "CBM 181 Extra"]
[Source "ChessBase"]
[SourceDate "2017.12.12"]
[SourceVersion "1"]
[SourceVersionDate "2017.12.12"]
[SourceQuality "1"]

1. c4 c5 2. g3 Nf6 3. Bg2 d5 4. cxd5 Nxd5 5. Nc3 Nc7 6. Qb3 Nc6 7. Bxc6+ bxc6 8. Nf3 e6 9. Qa4 Bb7 10. d3 Nd5 11. Ne4 Be7 12. 0-0 0-0 13. Qc2 Nb4 14. Qc3 Nd5 15. Qc4 Qb6 16. Bd2 Ba6 17. Qc2 Nb4 18. Qc3 Nd5 19. Qc2 Nb4 20. Qc1 Nd5 21. Ne5 Rfd8 22. b3 h6 23. Rb1 f6 24. Nc4 Qb7 25. Na5 Qb6 26. Nc4 Qb7 27. Nb2 Qb5 28. Na4 Nb4 29. a3 Nxd3 30. exd3 Qxd3 31. Re1 Bb5 32. Ba5 Rd4 33. Naxc5 Qf3 34. Qe3 Qxe3 35. fxe3 Rd5 36. b4 1-0

[Event "Tatry op"]
[Site "Tatranske Zruby"]
[Date "2016.09.26"]
[Round "4"]
[White "Gettler, Daniel"]
[Black "Sarkozy, Ladislav"]
[Result "0-1"]
[WhiteElo "2060"]
[BlackElo "2291"]
[PlyCount "54"]
[EventDate "2016.09.24"]
[EventType "swiss"]
[EventRounds "9"]
[EventCountry "SVK"]
[SourceTitle "CBM 174 Extra"]
[Source "ChessBase"]
[SourceDate "2016.10.10"]
[SourceVersion "1"]
[SourceVersionDate "2016.10.10"]
[SourceQuality "1"]

1. f4 Nf6 2. Nf3 g6 3. g3 Bg7 4. Bg2 0-0 5. d3 d5 6. 0-0 c5 7. Nc3 d4 8. Na4 Qa5 9. b3 Qc7 10. Rb1 Na6 11. c4 dxc3 12. Nxc3 Nb4 13. Bb2 Bd7 14. Ne5 Nc6 15. Nxd7 Qxd7 16. Ne4 Nxe4 17. Bxg7 Nxg3 18. Bxf8 Nxf1 19. Bh6 Ne3 20. Qd2 Nxg2 21. Kxg2 Qg4+ 22. Kh1 Qh5 23. f5 Qxf5 24. Bf4 Rd8 25. Kg2 Nd4 26. Kf1 Qg4 27. Kf2 Nxe2 0-1

[Event "Tatry op"]
[Site "Tatranske Zruby"]
[Date "2016.09.24"]
[Round "1"]
[White "Zylka, Stanislaw"]
[Black "Gettler, Daniel"]
[Result "1/2-1/2"]
[WhiteElo "2279"]
[BlackElo "2060"]
[PlyCount "76"]
[EventDate "2016.09.24"]
[EventType "swiss"]
[EventRounds "9"]
[EventCountry "SVK"]
[SourceTitle "CBM 174 Extra"]
[Source "ChessBase"]
[SourceDate "2016.10.10"]
[SourceVersion "1"]
[SourceVersionDate "2016.10.10"]
[SourceQuality "1"]

1. e4 Nf6 2. Nc3 d6 3. d4 g6 4. Bg5 Bg7 5. Qd2 h6 6. Bh4 0-0 7. f3 e5 8. d5 c5 9. dxc6 bxc6 10. 0-0-0 g5 11. Bf2 Ne8 12. h4 f6 13. Bc4+ Kh7 14. hxg5 fxg5 15. Be3 Kg6 16. g3 Qf6 17. Rf1 Ba6 18. Bxa6 Nxa6 19. Nge2 Nac7 20. f4 Rd8 21. Rf2 Qe7 22. Rfh2 d5 23. exd5 cxd5 24. fxg5 hxg5 25. Bxa7 Nf6 26. Re1 Ne6 27. Bg1 d4 28. Qd3+ Kf7 29. Ne4 Rh8 30. Rf2 Rh6 31. Ref1 Kg8 32. Nxf6+ Bxf6 33. Qc4 g4 34. Kb1 Kg7 35. Nc1 Ng5 36. Nd3 Nf3 37. Nc5 Bg5 38. Ne4 Be3 1/2-1/2

[Event "Tatry op"]
[Site "Tatranske Zruby"]
[Date "2012.09.23"]
[Round "1"]
[White "Gettler, Daniel"]
[Black "Nahalka, Jan"]
[Result "1-0"]
[WhiteElo "2002"]
[BlackElo "1921"]
[PlyCount "75"]
[EventDate "2012.09.23"]
[EventType "swiss"]
[EventRounds "9"]
[EventCountry "SVK"]
[SourceTitle "CBM 150 Extra"]
[Source "ChessBase"]
[SourceDate "2012.10.19"]
[SourceVersion "1"]
[SourceVersionDate "2012.10.19"]
[SourceQuality "1"]

1. c4 Nf6 2. e3 e6 3. a3 d5 4. b4 Be7 5. Nf3 0-0 6. Bb2 b6 7. d4 c5 8. dxc5 bxc5 9. b5 a6 10. a4 axb5 11. cxb5 Nbd7 12. Be2 c4 13. 0-0 Ne4 14. Nd4 Bb7 15. Nc3 Nec5 16. Qc2 g6 17. Ra2 Ra7 18. Rfa1 Qa8 19. a5 Qc8 20. f4 Nf6 21. b6 Ra6 22. Ncb5 Nfe4 23. Nc7 Qd7 24. Nxa6 Bxa6 25. Nf3 Nb3 26. Rd1 Qb5 27. Nd4 Qd7 28. Ba3 Nec5 29. Qc3 Ne4 30. Qc2 Nxd4 31. Rxd4 Bxa3 32. Rxa3 Qc6 33. Ra1 Rc8 34. Kf1 Qb7 35. Rdd1 Nc5 36. Kf2 Nb3 37. Ra3 Qc6 38. Rxb3 1-0

[Event "Tatry op"]
[Site "Tatranske Zruby"]
[Date "2011.10.02"]
[Round "9"]
[White "Gettler, Daniel"]
[Black "Mrva, Vladimir"]
[Result "0-1"]
[WhiteElo "1999"]
[BlackElo "2157"]
[PlyCount "66"]
[EventDate "2011.09.25"]
[EventType "swiss"]
[EventRounds "9"]
[EventCountry "SVK"]
[SourceTitle "CBM 144 Extra"]
[Source "ChessBase"]
[SourceDate "2011.10.28"]
[SourceVersion "1"]
[SourceVersionDate "2011.10.28"]
[SourceQuality "1"]

1. c4 Nf6 2. e3 e6 3. a3 d5 4. b4 a5 5. b5 dxc4 6. Bxc4 Nbd7 7. Bb2 Bd6 8. d4 0-0 9. Nf3 Ne4 10. Nbd2 Nxd2 11. Qxd2 Nb6 12. Bd3 Nd5 13. 0-0 Bd7 14. Rfc1 Qe8 15. a4 f6 16. Ba3 Bxa3 17. Rxa3 c6 18. Bc4 cxb5 19. axb5 b6 20. Bxd5 exd5 21. Qa2 Qe6 22. Rb1 Rac8 23. Qb2 Rc7 24. Rc3 Rxc3 25. Qxc3 Rc8 26. Qd2 Qd6 27. Ne1 Qa3 28. f3 Bf5 29. Rb2 Qa1 30. Kf2 Rc1 31. Ra2 Qb1 32. Rb2 Rd1 33. Kg3 Rxd2 0-1

[Event "SVK-chT2A 10/11"]
[Site "Slovakia"]
[Date "2011.02.05"]
[Round "6.7"]
[White "Goga, Frantisek"]
[Black "Gettler, Daniel"]
[Result "0-1"]
[WhiteElo "1912"]
[BlackElo "2004"]
[PlyCount "120"]
[EventDate "2010.10.23"]
[EventType "team-tourn"]
[EventRounds "11"]
[EventCountry "SVK"]
[SourceTitle "EXT 2019"]
[Source "ChessBase"]
[SourceDate "2018.10.10"]
[SourceVersion "1"]
[SourceVersionDate "2018.10.10"]
[SourceQuality "1"]
[WhiteTeam "Bratislava Doprastav III"]
[BlackTeam "Bratislava Slavia STU"]
[WhiteTeamCountry "SVK"]
[BlackTeamCountry "SVK"]

1. e4 c5 2. Nf3 e6 3. c3 a6 4. d4 b5 5. Bd3 Bb7 6. 0-0 Nf6 7. Re1 d6 8. a4 Qb6 9. axb5 axb5 10. Rxa8 Bxa8 11. Na3 c4 12. Bb1 Be7 13. b3 Nbd7 14. bxc4 bxc4 15. Qa4 0-0 16. Qxc4 d5 17. exd5 Bxd5 18. Qd3 Rc8 19. Ne5 g6 20. Nxd7 Nxd7 21. Bc2 Qc6 22. c4 Bxc4 23. Nxc4 Qxc4 24. Qxc4 Rxc4 25. Bd3 Rxd4 26. Bb5 Rd5 27. Bc6 Rd6 28. Bf3 Ra6 29. Kf1 Ra1 30. Be3 Rxe1+ 31. Kxe1 h5 32. h3 f5 33. Bc6 Ne5 34. Bb5 g5 35. Bd4 Ng6 36. Be8 Nf4 37. Kf1 Kf8 38. Bd7 Kf7 39. Be3 Ng6 40. g3 Bf6 41. Ba4 Bd8 42. Ke2 Kf6 43. Be8 Bc7 44. Bc1 Be5 45. Kf3 Bd4 46. Ke2 e5 47. f3 h4 48. Bxg6 hxg3 49. Kf1 Kxg6 50. Kg2 f4 51. Ba3 Kf6 52. Bd6 Bb6 53. Bf8 Bd8 54. Bc5 Be7 55. Bb6 Kf5 56. Ba7 e4 57. fxe4+ Kxe4 58. Bb6 Bf6 59. Bc7 Be5 60. Bb6 f3+ 0-1

[Event "Tatry op"]
[Site "Tatranske Zruby"]
[Date "2010.10.05"]
[Round "5"]
[White "Gettler, Daniel"]
[Black "Skreno, Vladimir"]
[Result "1/2-1/2"]
[WhiteElo "2004"]
[BlackElo "2160"]
[PlyCount "33"]
[EventDate "2010.10.02"]
[EventType "swiss"]
[EventRounds "9"]
[EventCountry "SVK"]
[SourceTitle "CBM 138 Extra"]
[Source "ChessBase"]
[SourceDate "2010.10.29"]
[SourceVersion "1"]
[SourceVersionDate "2010.10.29"]
[SourceQuality "1"]

1. f4 Nf6 2. Nf3 g6 3. g3 Bg7 4. Bg2 d6 5. d3 c5 6. 0-0 Nc6 7. c3 0-0 8. e4 c4 9. e5 dxe5 10. fxe5 Ne8 11. d4 f6 12. Qe2 Na5 13. Nbd2 Qc7 14. Ne4 Bg4 15. h3 Bf5 16. Bf4 Qb6 17. g4 1/2-1/2

[Event "Tatry op"]
[Site "Tatranske Zruby"]
[Date "2010.10.04"]
[Round "3"]
[White "Gettler, Daniel"]
[Black "Jablonicky, Frantisek"]
[Result "0-1"]
[WhiteElo "2004"]
[BlackElo "2150"]
[PlyCount "46"]
[EventDate "2010.10.02"]
[EventType "swiss"]
[EventRounds "9"]
[EventCountry "SVK"]
[SourceTitle "CBM 138 Extra"]
[Source "ChessBase"]
[SourceDate "2010.10.29"]
[SourceVersion "1"]
[SourceVersionDate "2010.10.29"]
[SourceQuality "1"]

1. f4 Nf6 2. Nf3 g6 3. g3 b6 4. Bg2 Bb7 5. d3 d6 6. e4 Nbd7 7. 0-0 Bg7 8. h3 0-0 9. c3 c5 10. g4 c4 11. e5 Ne8 12. e6 fxe6 13. Ng5 Bxg2 14. Nxe6 Qc8 15. Rf2 Bb7 16. Nxf8 Qc6 17. Kh2 Nxf8 18. dxc4 Qxc4 19. Qb3 Qxb3 20. axb3 Ne6 21. Be3 Nf6 22. Nd2 Nc5 23. Bd4 Nfe4 0-1

[Event "Tatry op"]
[Site "Tatranske Zruby"]
[Date "2010.10.03"]
[Round "2"]
[White "Stalmach, Kamil"]
[Black "Gettler, Daniel"]
[Result "1/2-1/2"]
[WhiteElo "2124"]
[BlackElo "2004"]
[PlyCount "89"]
[EventDate "2010.10.02"]
[EventType "swiss"]
[EventRounds "9"]
[EventCountry "SVK"]
[SourceTitle "CBM 138 Extra"]
[Source "ChessBase"]
[SourceDate "2010.10.29"]
[SourceVersion "1"]
[SourceVersionDate "2010.10.29"]
[SourceQuality "1"]

1. e4 c5 2. c3 e6 3. Nf3 a6 4. d4 b5 5. Be2 Bb7 6. e5 f6 7. 0-0 Nc6 8. a4 cxd4 9. axb5 axb5 10. Rxa8 Bxa8 11. cxd4 b4 12. Nbd2 Nh6 13. Nc4 Nf7 14. exf6 gxf6 15. d5 exd5 16. Ne3 Ne7 17. Qd4 Nc6 18. Qd2 Bh6 19. Nd4 Nd6 20. Bh5+ Kf8 21. Nxc6 dxc6 22. Qxb4 Kg7 23. Qg4+ Kf8 24. Qe6 Qe7 25. Qxe7+ Kxe7 26. Nxd5+ cxd5 27. Bxh6 Rb8 28. Rb1 Rb4 29. Bd2 Rb8 30. Bf3 Ne4 31. Bxe4 dxe4 32. Bc3 Bc6 33. Ra1 Ra8 34. Rxa8 Bxa8 35. Kf1 f5 36. g3 Bd5 37. Ke2 Bb3 38. Ke3 Ke6 39. Kf4 Bd1 40. h3 h5 41. b4 Be2 42. Kg5 Bf1 43. h4 Be2 44. b5 Bg4 45. Bd4 1/2-1/2

[Event "Piestany Pressburg op"]
[Site "Piestany"]
[Date "2009.11.21"]
[Round "5"]
[White "Kozak, Milos"]
[Black "Gettler, Daniel"]
[Result "1/2-1/2"]
[WhiteElo "2229"]
[BlackElo "1988"]
[PlyCount "35"]
[EventDate "2009.11.17"]
[EventType "swiss"]
[EventRounds "7"]
[EventCountry "SVK"]
[SourceTitle "CBM 133 Extra"]
[Source "ChessBase"]
[SourceDate "2010.01.05"]
[SourceVersion "1"]
[SourceVersionDate "2010.01.05"]
[SourceQuality "1"]

1. d4 f5 2. Nf3 Nf6 3. g3 g6 4. Bg2 Bg7 5. c4 d6 6. 0-0 0-0 7. Nc3 c6 8. Qb3 Qe8 9. c5+ Kh8 10. cxd6 exd6 11. Bf4 Ne4 12. d5 Na6 13. dxc6 bxc6 14. Rad1 Nac5 15. Qc2 d5 16. Nd4 Bb7 17. Nb1 Ne6 18. Nxe6 1/2-1/2

[Event "Tatry op"]
[Site "Tatranske Zruby"]
[Date "2009.10.04"]
[Round "9"]
[White "Csala, Jan"]
[Black "Gettler, Daniel"]
[Result "1/2-1/2"]
[WhiteElo "2188"]
[BlackElo "1950"]
[PlyCount "22"]
[EventDate "2009.09.27"]
[EventType "swiss"]
[EventRounds "9"]
[EventCountry "SVK"]
[SourceTitle "EXT 2011"]
[Source "ChessBase"]
[SourceDate "2010.11.26"]
[SourceVersion "1"]
[SourceVersionDate "2010.11.26"]
[SourceQuality "1"]

1. d4 f5 2. Nc3 Nf6 3. Bg5 g6 4. h4 Bg7 5. g3 0-0 6. Bg2 h6 7. Bc1 d6 8. d5 c6 9. Nh3 e5 10. dxe6 Bxe6 11. Bf4 d5 1/2-1/2